A Textbook of applied mechanics and mechanical engineering - Vol.I / (Record no. 1017)

000 -LEADER
fixed length control field 00538nam a22001697a 4500
008 - FIXED-LENGTH DATA ELEMENTS--GENERAL INFORMATION
fixed length control field 200107b ||||| |||| 00| 0 eng d
041 0# - LANGUAGE CODE
Language code of text/sound track or separate title eng
082 00 - DEWEY DECIMAL CLASSIFICATION NUMBER
Classification number 620.1
Item number J241
100 ## - MAIN ENTRY--PERSONAL NAME
9 (RLIN) 588
Personal name Jamieson, Andrew.
245 10 - TITLE STATEMENT
Title A Textbook of applied mechanics and mechanical engineering - Vol.I /
250 ## - EDITION STATEMENT
Edition statement 10th ed.
260 ## - PUBLICATION, DISTRIBUTION, ETC. (IMPRINT)
Place of publication, distribution, etc London :
Name of publisher, distributor, etc Charles Griffin &Company Limited,
Date of publication, distribution, etc 1945.
300 ## - PHYSICAL DESCRIPTION
Extent xviii,371p.
650 #0 - SUBJECT ADDED ENTRY--TOPICAL TERM
Topical term or geographic name as entry element Mechanical Engineering
700 ## - ADDED ENTRY--PERSONAL NAME
9 (RLIN) 1295
Personal name Andrews, Ewart S.
942 ## - ADDED ENTRY ELEMENTS (KOHA)
Item type Books
Holdings
Withdrawn status Lost status Source of classification or shelving scheme Damaged status Not for loan Permanent location Current location Date acquired Source of acquisition Full call number Barcode Date last seen Koha item type
          IMU Kolkata IMU Kolkata 1952-10-30 Progressive 620.1 J241 00704 2020-01-07 Books
  Lost       IMU Kolkata IMU Kolkata 1952-10-30 Progressive 620.1 J241 00705 2020-07-16 Books
Designed and Maintained by IMU-KC Library, Kolkata Campus © Copyright All Rights Reserved

webs counters

Powered by Koha